Statistics for Geography Generator Puzzle #21

Click here to take the quiz!

General Stats

  • This quiz has been taken 458 times
  • The average score is 13 of 21

Answer Stats

HintAnswer% Correct
___ Lake City, UtahSalt
95%
Can. or Mex. neighborUSA
93%
PlanetsSaturn
88%
PlanetsUranus
88%
Earth's closest starSun
85%
Russian rulerTsar
85%
Of the moonLunar
80%
Hollywood Blvd. sidewalk featureStar
80%
Eurasian mountainsUrals
76%
Arabian rulerSultan
73%
Oceanic countryNauru
69%
Hawaiian feast or partyLuau
52%
"Hi!" in FranceSalut
51%
US-Midwest industrial "belt"Rust
47%
Oklahoma oil cityTulsa
46%
Prefix with Atlantic or ContinentalTrans
42%
Small mountain lakeTarn
38%
_____ Ste. Marie, OntarioSault
34%
9-Letter Capital CityNUR-SULTAN
24%
Seaport north of MumbaiSurat
11%
Buddhist, Hindu or Jainist scriptureSutra
8%

Score Distribution

Percentile by Number Answered

Percent of People with Each Score

Your Score History

You have not taken this quiz